[Event "C10"]
[Site "?"]
[Date "2020.08.30"]
[Round "1.1"]
[White "Boguszewski, Kacper"]
[Black "Sowinski, Pawel"]
[Result "0-1"]
[BlackElo "1527"]
[WhiteElo "1041"]
[LiveChessVersion "1.4.8"]

1. Nf3 {[%clk 0:03:03]} Nf6 {[%clk 0:03:04]} 2. b3 {[%clk 0:03:03]} g6
{[%clk 0:03:04]} 3. Bb2 {[%clk 0:03:05]} Bg7 {[%clk 0:03:05]} 4. e3
{[%clk 0:03:06]} d6 {[%clk 0:03:06]} 5. c4 {[%clk 0:03:07]} e5 {[%clk 0:03:07]}
6. Be2 {[%clk 0:03:08]} O-O {[%clk 0:03:03]} 7. O-O {[%clk 0:03:09]} c6
{[%clk 0:03:04]} 8. Nc3 {[%clk 0:03:10]} Nbd7 {[%clk 0:03:05]} 9. d4
{[%clk 0:03:10]} e4 {[%clk 0:03:06]} 10. Nd2 {[%clk 0:03:11]} d5 {[%clk 0:03:06]}
11. Qc2 {[%clk 0:03:10]} a6 {[%clk 0:03:06]} 12. a4 {[%clk 0:03:10]} h5
{[%clk 0:02:45]} 13. h4 {[%clk 0:02:38]} Nb8 {[%clk 0:02:36]} 14. f3
{[%clk 0:02:25]} Re8 {[%clk 0:02:32]} 15. fxe4 {[%clk 0:01:47]} Nxe4
{[%clk 0:02:32]} 16. Ndxe4 {[%clk 0:01:46]} dxe4 {[%clk 0:02:33]} 17. Nxe4
{[%clk 0:01:44]} Qxh4 {[%clk 0:02:32]} 18. Rf4 {[%clk 0:01:28]} Qd8
{[%clk 0:02:20]} 19. Raf1 {[%clk 0:01:22]} Bf5 {[%clk 0:02:20]} 20. Bd3
{[%clk 0:01:22]} Bh6 {[%clk 0:02:18]} 21. R4f3 {[%clk 0:01:21]} Qe7
{[%clk 0:02:16]} 22. Ng3 {[%clk 0:00:42]} Bxd3 {[%clk 0:02:12]} 23. Qxd3
{[%clk 0:00:43]} Bxe3+ {[%clk 0:02:13]} 24. Rxe3 {[%clk 0:00:18]} Qxe3+
{[%clk 0:02:12]} 25. Qxe3 {[%clk 0:00:19]} Rxe3 {[%clk 0:02:13]} 26. b4
{[%clk 0:00:13]} Rxg3 {[%clk 0:02:12]} 27. Rf3 {[%clk 0:00:15]} Rxf3
{[%clk 0:02:13]} 28. gxf3 {[%clk 0:00:16]} Nd7 {[%clk 0:02:11]} 29. Kf2
{[%clk 0:00:18]} Re8 {[%clk 0:02:11]} 30. Kg3 {[%clk 0:00:19]} Nb6
{[%clk 0:02:11]} 31. c5 {[%clk 0:00:17]} Nxa4 {[%clk 0:02:12]} 32. Ba3
{[%clk 0:00:16]} Nc3 {[%clk 0:02:12]} 33. Bb2 {[%clk 0:00:17]} Nd5
{[%clk 0:02:09]} 34. f4 {[%clk 0:00:17]} Nxb4 {[%clk 0:02:10]} 35. Bc3
{[%clk 0:00:19]} Nd5 {[%clk 0:02:11]} 36. Bb2 Re3+ {[%clk 0:02:11]} 37. Kf2
{[%clk 0:00:21]} Rb3 {[%clk 0:02:10]} 38. Bc1 {[%clk 0:00:21]} Kg7
{[%clk 0:02:10]} 39. Ke1 {[%clk 0:00:20]} a5 {[%clk 0:02:11]} 40. Bd2
{[%clk 0:00:21]} a4 {[%clk 0:02:12]} 41. Kd1 {[%clk 0:00:20]} a3 {[%clk 0:02:14]}
42. Kc2 {[%clk 0:00:21]} a2 {[%clk 0:02:15]} 43. Kxb3 {[%clk 0:00:17]} a1=Q
{[%clk 0:02:15]} 44. Kc2 {[%clk 0:00:15]} h4 {[%clk 0:02:14]} 45. Kd3
{[%clk 0:00:16]} Qa3+ {[%clk 0:02:14]} 46. Ke2 {[%clk 0:00:17]} h3 47. Kf2 Qb2
{[%clk 0:02:15]} 0-1

[Event "C10"]
[Site "?"]
[Date "2020.08.30"]
[Round "1.2"]
[White "Wojtacha, Krzysztof"]
[Black "Kawulski-Chodkiewicz, Alexander"]
[Result "1-0"]
[BlackElo "1040"]
[WhiteElo "1445"]
[LiveChessVersion "1.4.8"]

1. e4 {[%clk 0:03:03]} c5 {[%clk 0:03:03]} 2. Nf3 {[%clk 0:03:03]} Nc6
{[%clk 0:03:04]} 3. Bb5 {[%clk 0:03:04]} e6 {[%clk 0:03:05]} 4. Bxc6
{[%clk 0:03:05]} bxc6 {[%clk 0:03:05]} 5. b3 {[%clk 0:03:03]} d5 {[%clk 0:03:05]}
6. e5 {[%clk 0:03:03]} Ne7 {[%clk 0:03:03]} 7. Ba3 {[%clk 0:02:58]} Ng6
{[%clk 0:03:02]} 8. Nc3 {[%clk 0:02:53]} Ba6 {[%clk 0:02:52]} 9. Bb2
{[%clk 0:02:41]} c4 {[%clk 0:02:50]} 10. d3 {[%clk 0:02:33]} cxb3
{[%clk 0:02:45]} 11. axb3 {[%clk 0:02:33]} Bb7 {[%clk 0:02:45]} 12. O-O
{[%clk 0:02:30]} Be7 {[%clk 0:02:46]} 13. Qd2 {[%clk 0:02:29]} Qd7
{[%clk 0:02:47]} 14. d4 {[%clk 0:02:16]} h6 {[%clk 0:02:47]} 15. Na4
{[%clk 0:02:08]} O-O {[%clk 0:02:44]} 16. Ne1 {[%clk 0:02:07]} Ba6
{[%clk 0:02:28]} 17. Nd3 {[%clk 0:02:05]} Bxd3 {[%clk 0:02:28]} 18. Qxd3
{[%clk 0:02:03]} Rfc8 {[%clk 0:02:28]} 19. Ba3 {[%clk 0:01:58]} Bxa3
{[%clk 0:02:22]} 20. Rxa3 {[%clk 0:01:58]} Qe7 {[%clk 0:02:23]} 21. Raa1
{[%clk 0:01:55]} Nf4 {[%clk 0:02:17]} 22. Qf3 {[%clk 0:01:53]} Ng6
{[%clk 0:02:17]} 23. Qg3 {[%clk 0:01:51]} Kh7 {[%clk 0:02:02]} 24. Nc5
{[%clk 0:01:41]} a5 {[%clk 0:01:53]} 25. f4 {[%clk 0:01:37]} Nf8 {[%clk 0:01:54]}
26. f5 {[%clk 0:01:30]} exf5 {[%clk 0:01:53]} 27. Rxf5 {[%clk 0:01:29]} Ne6
{[%clk 0:01:53]} 28. Nxe6 {[%clk 0:01:22]} fxe6 {[%clk 0:01:54]} 29. Rf2
{[%clk 0:01:20]} Qc7 {[%clk 0:01:54]} 30. Qd3+ {[%clk 0:01:19]} Kh8
{[%clk 0:01:53]} 31. Qg6 {[%clk 0:01:16]} Re8 {[%clk 0:01:33]} 32. Rf7
{[%clk 0:01:15]} 1-0

[Event "C10"]
[Site "?"]
[Date "2020.08.30"]
[Round "1.3"]
[White "Nowak, Szymon"]
[Black "Jasiulewicz, Kamil"]
[Result "1-0"]
[BlackElo "1381"]
[WhiteElo "1037"]
[LiveChessVersion "1.4.8"]

1. d4 {[%clk 0:03:03]} d5 {[%clk 0:03:03]} 2. c4 {[%clk 0:03:05]} e6
{[%clk 0:03:04]} 3. Nc3 {[%clk 0:03:03]} Nf6 {[%clk 0:03:05]} 4. Nf3
{[%clk 0:03:04]} Nbd7 {[%clk 0:03:03]} 5. Bg5 {[%clk 0:03:04]} b6
{[%clk 0:03:03]} 6. e3 {[%clk 0:03:04]} Bb7 {[%clk 0:03:04]} 7. cxd5
{[%clk 0:03:04]} exd5 {[%clk 0:03:00]} 8. Bd3 {[%clk 0:03:05]} Be7
{[%clk 0:02:58]} 9. O-O {[%clk 0:03:04]} O-O {[%clk 0:02:57]} 10. Ne5
{[%clk 0:03:03]} h6 {[%clk 0:02:51]} 11. Bh4 {[%clk 0:02:59]} Nxe5
{[%clk 0:02:46]} 12. dxe5 {[%clk 0:02:57]} Nd7 {[%clk 0:02:47]} 13. Bxe7
{[%clk 0:02:56]} Qxe7 {[%clk 0:02:47]} 14. f4 {[%clk 0:02:51]} f6
{[%clk 0:02:39]} 15. Bc2 {[%clk 0:02:22]} fxe5 {[%clk 0:02:26]} 16. Nxd5
{[%clk 0:02:21]} Qd6 {[%clk 0:02:11]} 17. Bb3 {[%clk 0:02:01]} Kh8
{[%clk 0:02:09]} 18. fxe5 {[%clk 0:01:51]} Qxe5 {[%clk 0:01:46]} 19. Qd2
{[%clk 0:01:40]} Nc5 {[%clk 0:01:37]} 20. Nf4 {[%clk 0:01:18]} Qg5
{[%clk 0:01:19]} 21. Bc2 {[%clk 0:01:09]} Ne4 {[%clk 0:01:03]} 22. Qe2
{[%clk 0:00:44]} Qe5 {[%clk 0:00:52]} 23. Ng6+ {[%clk 0:00:44]} Kg8
{[%clk 0:00:44]} 24. Nxe5 {[%clk 0:01:38]} Rfe8 {[%clk 0:00:36]} 25. Bxe4
{[%clk 0:01:36]} Bxe4 {[%clk 0:00:37]} 26. Qc4+ {[%clk 0:01:35]} Kh8
{[%clk 0:00:32]} 27. Qxe4 {[%clk 0:01:34]} Rad8 {[%clk 0:00:27]} 28. Nf7+
{[%clk 0:01:34]} 1-0

[Event "C10"]
[Site "?"]
[Date "2020.08.30"]
[Round "1.6"]
[White "Ochedzan, Filip"]
[Black "Boryna, Szymon"]
[Result "0-1"]
[BlackElo "1026"]
[WhiteElo "1359"]
[LiveChessVersion "1.4.8"]

1. e4 {[%clk 0:03:04]} e6 {[%clk 0:03:03]} 2. d4 {[%clk 0:03:04]} d5
{[%clk 0:03:03]} 3. Nc3 {[%clk 0:03:04]} dxe4 {[%clk 0:03:03]} 4. Nxe4
{[%clk 0:03:05]} Nd7 {[%clk 0:03:03]} 5. Nf3 {[%clk 0:03:01]} Ngf6
{[%clk 0:03:04]} 6. Bd3 {[%clk 0:02:56]} Be7 {[%clk 0:03:02]} 7. O-O
{[%clk 0:02:54]} O-O {[%clk 0:03:00]} 8. Bf4 {[%clk 0:02:45]} b6 {[%clk 0:02:52]}
9. Re1 {[%clk 0:02:37]} Bb7 {[%clk 0:02:47]} 10. Qd2 {[%clk 0:02:30]} Nxe4
{[%clk 0:02:15]} 11. Bxe4 {[%clk 0:02:30]} Bxe4 {[%clk 0:02:15]} 12. Rxe4
{[%clk 0:02:30]} Nf6 {[%clk 0:02:09]} 13. Ree1 {[%clk 0:02:27]} Nd5
{[%clk 0:02:04]} 14. Bg3 {[%clk 0:02:02]} Bd6 {[%clk 0:01:49]} 15. Bxd6 Qxd6
{[%clk 0:01:46]} 16. c4 {[%clk 0:01:26]} Ne7 {[%clk 0:01:21]} 17. Rac1
{[%clk 0:01:06]} Rad8 {[%clk 0:01:15]} 18. Qc3 {[%clk 0:01:04]} Nf5
{[%clk 0:00:52]} 19. Rcd1 {[%clk 0:01:00]} Qe7 {[%clk 0:00:38]} 20. Ne5
{[%clk 0:00:53]} Rd6 {[%clk 0:00:20]} 21. c5 {[%clk 0:00:48]} bxc5
{[%clk 0:00:15]} 22. dxc5 {[%clk 0:00:43]} Rxd1 {[%clk 0:00:14]} 23. Rxd1
{[%clk 0:00:44]} Rd8 {[%clk 0:00:08]} 24. Rxd8+ {[%clk 0:00:41]} Qxd8
{[%clk 0:00:09]} 25. h3 {[%clk 0:00:36]} Nd4 {[%clk 0:00:04]} 26. Qd3
{[%clk 0:00:32]} Qd5 {[%clk 0:00:05]} 27. Nf3 {[%clk 0:00:24]} Nxf3+
{[%clk 0:00:04]} 28. Qxf3 {[%clk 0:00:26]} Qxc5 {[%clk 0:00:03]} 29. Qa8+
{[%clk 0:00:26]} Qf8 {[%clk 0:00:04]} 30. Qxf8+ {[%clk 0:00:25]} Kxf8
{[%clk 0:00:05]} 31. Kf1 {[%clk 0:00:25]} Ke7 {[%clk 0:00:05]} 32. Ke2
{[%clk 0:00:27]} Kd6 {[%clk 0:00:06]} 33. Kd3 {[%clk 0:00:28]} Kd5
{[%clk 0:00:07]} 34. b3 {[%clk 0:00:27]} a6 {[%clk 0:00:08]} 35. f4
{[%clk 0:00:23]} f5 {[%clk 0:00:08]} 36. h4 {[%clk 0:00:23]} g6 {[%clk 0:00:06]}
37. a3 {[%clk 0:00:19]} c5 {[%clk 0:00:05]} 38. g3 {[%clk 0:00:19]} h6
{[%clk 0:00:06]} 39. b4 {[%clk 0:00:17]} cxb4 {[%clk 0:00:03]} 40. axb4
{[%clk 0:00:18]} h5 {[%clk 0:00:03]} 41. Kc3 {[%clk 0:00:14]} Ke4
{[%clk 0:00:04]} 42. Kc4 {[%clk 0:00:15]} Kf3 {[%clk 0:00:05]} 43. Kc5
{[%clk 0:00:17]} Kxg3 {[%clk 0:00:05]} 44. Kb6 {[%clk 0:00:19]} Kxf4
{[%clk 0:00:06]} 45. Kxa6 {[%clk 0:00:21]} Kg3 {[%clk 0:00:06]} 46. b5
{[%clk 0:00:21]} f4 {[%clk 0:00:07]} 47. b6 {[%clk 0:00:21]} f3 {[%clk 0:00:08]}
48. b7 {[%clk 0:00:22]} f2 {[%clk 0:00:09]} 49. b8=Q+ {[%clk 0:00:21]} Kg2
{[%clk 0:00:09]} 50. Qb7+ {[%clk 0:00:21]} Kg1 {[%clk 0:00:09]} 51. Qe4
{[%clk 0:00:12]} f1=Q+ {[%clk 0:00:09]} 52. Kb6 {[%clk 0:00:12]} Qf2+
{[%clk 0:00:10]} 53. Kc6 {[%clk 0:00:11]} Qg2 {[%clk 0:00:10]} 54. Qxg2+
{[%clk 0:00:10]} Kxg2 {[%clk 0:00:11]} 55. Kd6 {[%clk 0:00:11]} Kg3
{[%clk 0:00:12]} 56. Kxe6 {[%clk 0:00:12]} Kxh4 {[%clk 0:00:13]} 57. Ke5
{[%clk 0:00:13]} Kg4 {[%clk 0:00:14]} 58. Ke4 {[%clk 0:00:14]} h4
{[%clk 0:00:16]} 59. Ke3 {[%clk 0:00:15]} Kg3 {[%clk 0:00:17]} 60. Ke2
{[%clk 0:00:16]} Kg2 {[%clk 0:00:17]} 61. Ke3 {[%clk 0:00:16]} h3
{[%clk 0:00:17]} 62. Ke2 {[%clk 0:00:17]} h2 {[%clk 0:00:18]} 63. Ke3
{[%clk 0:00:17]} h1=Q {[%clk 0:00:19]} 64. Kd3 {[%clk 0:00:17]} Qd1+
{[%clk 0:00:19]} 65. Kc3 {[%clk 0:00:19]} Kf3 {[%clk 0:00:20]} 66. Kb2
{[%clk 0:00:20]} Qd3 {[%clk 0:00:21]} 67. Ka1 {[%clk 0:00:21]} Qd2
{[%clk 0:00:22]} 68. Kb1 {[%clk 0:00:21]} Ke3 {[%clk 0:00:23]} 69. Ka1
{[%clk 0:00:23]} Kd3 {[%clk 0:00:24]} 70. Kb1 {[%clk 0:00:24]} Kc3
{[%clk 0:00:25]} 71. Ka1 {[%clk 0:00:26]} Qb2# {[%clk 0:00:22]} 0-1

[Event "C10"]
[Site "?"]
[Date "2020.08.30"]
[Round "1.7"]
[White "Czobanian, Geworg"]
[Black "Rozanski, Mateusz"]
[Result "0-1"]
[BlackElo "1343"]
[WhiteElo "1023"]
[LiveChessVersion "1.4.8"]

1. e4 {[%clk 0:03:04]} e5 {[%clk 0:03:03]} 2. Nf3 {[%clk 0:03:05]} Nc6
{[%clk 0:03:04]} 3. Nc3 {[%clk 0:03:06]} d6 {[%clk 0:03:05]} 4. h3
{[%clk 0:03:05]} a6 {[%clk 0:03:06]} 5. Bc4 {[%clk 0:03:05]} Be7 {[%clk 0:03:05]}
6. d3 {[%clk 0:03:04]} h6 {[%clk 0:03:05]} 7. Qe2 {[%clk 0:03:02]} g5
{[%clk 0:03:02]} 8. Be3 {[%clk 0:02:57]} g4 {[%clk 0:03:01]} 9. Nd2
{[%clk 0:02:39]} gxh3 {[%clk 0:02:57]} 10. gxh3 {[%clk 0:02:39]} Nf6
{[%clk 0:02:54]} 11. Nb3 {[%clk 0:02:40]} Bd7 {[%clk 0:02:41]} 12. O-O-O
{[%clk 0:02:39]} Be6 {[%clk 0:02:14]} 13. Bxe6 {[%clk 0:02:23]} fxe6
{[%clk 0:02:14]} 14. Rhg1 {[%clk 0:02:09]} Qd7 {[%clk 0:02:04]} 15. f4
{[%clk 0:01:48]} O-O-O {[%clk 0:01:56]} 16. fxe5 {[%clk 0:01:45]} dxe5
{[%clk 0:01:52]} 17. d4 {[%clk 0:01:20]} exd4 {[%clk 0:01:33]} 18. Bxd4
{[%clk 0:01:01]} Nxd4 {[%clk 0:01:32]} 19. Nxd4 Bc5 {[%clk 0:01:10]} 20. Rg6
{[%clk 0:00:32]} Bxd4 {[%clk 0:00:57]} 21. e5 {[%clk 0:00:20]} Nd5
{[%clk 0:00:29]} 22. Nxd5 {[%clk 0:00:20]} Qxd5 {[%clk 0:00:26]} 23. Qd3
{[%clk 0:00:21]} Be3+ {[%clk 0:00:25]} 24. Kb1 {[%clk 0:00:22]} Qxd3
{[%clk 0:00:26]} 25. Rxd3 {[%clk 0:00:23]} Rxd3 {[%clk 0:00:25]} 26. cxd3
{[%clk 0:00:25]} Rf8 27. Rf6 {[%clk 0:00:21]} Rxf6 {[%clk 0:00:25]} 28. exf6
{[%clk 0:00:22]} Bc5 {[%clk 0:00:26]} 29. Kc2 {[%clk 0:00:22]} Kd7
{[%clk 0:00:25]} 30. Kc3 {[%clk 0:00:23]} b5 {[%clk 0:00:26]} 31. d4
{[%clk 0:00:24]} Bd6 {[%clk 0:00:26]} 32. a3 {[%clk 0:00:25]} a5 {[%clk 0:00:27]}
33. b4 {[%clk 0:00:25]} a4 {[%clk 0:00:28]} 34. h4 {[%clk 0:00:25]} Ke8
{[%clk 0:00:29]} 35. Kd3 {[%clk 0:00:25]} h5 {[%clk 0:00:29]} 36. Ke4
{[%clk 0:00:26]} Kf7 {[%clk 0:00:30]} 37. d5 {[%clk 0:00:26]} exd5+
{[%clk 0:00:31]} 38. Kxd5 {[%clk 0:00:27]} Bxb4 {[%clk 0:00:30]} 39. axb4
{[%clk 0:00:24]} a3 {[%clk 0:00:31]} 40. Kc5 {[%clk 0:00:24]} a2 {[%clk 0:00:32]}
41. Kxb5 {[%clk 0:00:25]} a1=Q {[%clk 0:00:32]} 42. Kc6 {[%clk 0:00:26]} Qxf6+
{[%clk 0:00:30]} 43. Kxc7 {[%clk 0:00:25]} Qxh4 {[%clk 0:00:30]} 44. b5
{[%clk 0:00:26]} Qc4+ {[%clk 0:00:30]} 45. Kb6 {[%clk 0:00:27]} Ke6
{[%clk 0:00:31]} 46. Ka6 {[%clk 0:00:27]} Kd6 {[%clk 0:00:32]} 47. Kb7
{[%clk 0:00:26]} Qxb5+ {[%clk 0:00:32]} 48. Kc8 {[%clk 0:00:26]} Qd7+
{[%clk 0:00:31]} 49. Kb8 {[%clk 0:00:27]} Kc6 {[%clk 0:00:31]} 50. Ka8
{[%clk 0:00:28]} Qb7# 0-1

[Event "C10"]
[Site "?"]
[Date "2020.08.30"]
[Round "1.10"]
[White "Butkiewicz, Jan"]
[Black "Dyminski, Jan"]
[Result "1-0"]
[BlackElo "1038"]
[WhiteElo "1300"]
[LiveChessVersion "1.4.8"]

1. d4 {[%clk 0:03:03]} Nf6 {[%clk 0:03:03]} 2. c4 {[%clk 0:03:04]} g6
{[%clk 0:03:04]} 3. Nf3 {[%clk 0:03:04]} Bg7 {[%clk 0:03:04]} 4. Nc3
{[%clk 0:03:05]} e6 {[%clk 0:03:03]} 5. Bf4 {[%clk 0:03:03]} O-O {[%clk 0:03:01]}
6. e3 {[%clk 0:03:04]} Nc6 {[%clk 0:03:02]} 7. Bd3 {[%clk 0:02:59]} b6
{[%clk 0:02:57]} 8. Qc2 {[%clk 0:02:41]} Nb4 {[%clk 0:02:55]} 9. Qd2
{[%clk 0:02:40]} Bb7 {[%clk 0:02:50]} 10. Be2 {[%clk 0:02:34]} d5
{[%clk 0:02:40]} 11. a3 {[%clk 0:02:26]} Na6 {[%clk 0:02:36]} 12. cxd5
{[%clk 0:02:16]} exd5 {[%clk 0:02:37]} 13. Bg5 {[%clk 0:02:09]} Re8
{[%clk 0:02:25]} 14. Rc1 {[%clk 0:01:47]} h6 {[%clk 0:02:21]} 15. Bh4
{[%clk 0:01:47]} Rc8 {[%clk 0:02:03]} 16. Ne5 {[%clk 0:01:35]} g5
{[%clk 0:01:39]} 17. Bg3 {[%clk 0:01:34]} Nd7 {[%clk 0:01:29]} 18. Nxd7 Qxd7
{[%clk 0:01:28]} 19. h3 {[%clk 0:01:25]} Nb8 {[%clk 0:01:23]} 20. Qd3
{[%clk 0:01:20]} Ba6 {[%clk 0:01:17]} 21. Qc2 {[%clk 0:01:13]} Bxe2
{[%clk 0:01:17]} 22. Qxe2 {[%clk 0:01:11]} c5 {[%clk 0:01:08]} 23. dxc5
{[%clk 0:01:05]} Rxc5 {[%clk 0:01:07]} 24. O-O {[%clk 0:00:53]} Na6
{[%clk 0:00:54]} 25. Qxa6 {[%clk 0:00:51]} d4 {[%clk 0:00:44]} 26. exd4
{[%clk 0:00:47]} Qxd4 {[%clk 0:00:43]} 27. Rfd1 {[%clk 0:00:45]} Qf6
{[%clk 0:00:42]} 28. Qd3 {[%clk 0:00:40]} Rcc8 {[%clk 0:00:38]} 29. Qf3
{[%clk 0:00:37]} Qe6 {[%clk 0:00:31]} 30. Nd5 {[%clk 0:00:30]} Rcd8
{[%clk 0:00:22]} 31. Nc3 {[%clk 0:00:29]} Rxd1+ {[%clk 0:00:21]} 32. Rxd1
{[%clk 0:00:30]} Qc8 {[%clk 0:00:22]} 33. Qg4 {[%clk 0:00:27]} Qb7
{[%clk 0:00:21]} 34. Qf3 Qc8 {[%clk 0:00:20]} 35. Qd3 {[%clk 0:00:23]} Bf6
{[%clk 0:00:14]} 36. Qd7 {[%clk 0:00:23]} Qa8 {[%clk 0:00:08]} 37. Qd5
{[%clk 0:00:23]} Rd8 {[%clk 0:00:03]} 38. Qxa8 {[%clk 0:00:19]} Rxa8
{[%clk 0:00:04]} 39. Nd5 {[%clk 0:00:20]} Rd8 {[%clk 0:00:05]} 40. Nxf6+ Kg7
{[%clk 0:00:05]} 41. Rxd8 {[%clk 0:00:21]} Kxf6 {[%clk 0:00:06]} 42. Ra8
{[%clk 0:00:21]} Kg7 {[%clk 0:00:06]} 43. Rxa7 {[%clk 0:00:22]} Kf6
{[%clk 0:00:07]} 44. Rb7 {[%clk 0:00:23]} Kg7 {[%clk 0:00:08]} 45. Rxb6
{[%clk 0:00:24]} Kf6 {[%clk 0:00:10]} 46. a4+ Kg7 {[%clk 0:00:10]} 47. a5
{[%clk 0:00:26]} Kf8 {[%clk 0:00:11]} 48. a6 {[%clk 0:00:27]} Kg8
{[%clk 0:00:12]} 49. a7 {[%clk 0:00:28]} Kg7 {[%clk 0:00:13]} 50. a8=Q
{[%clk 0:00:28]} Kh7 {[%clk 0:00:12]} 51. Qb7 {[%clk 0:00:28]} Kg8
{[%clk 0:00:11]} 52. Qc8+ {[%clk 0:00:28]} Kg7 {[%clk 0:00:11]} 53. Be5+
{[%clk 0:00:29]} Kh7 {[%clk 0:00:12]} 54. Qf5+ {[%clk 0:00:28]} Kg8
{[%clk 0:00:12]} 55. Rb8# 1-0

[Event "C10"]
[Site "?"]
[Date "2020.08.30"]
[Round "2.1"]
[White "Sowinski, Pawel"]
[Black "Hartlinski, Tomasz"]
[Result "1-0"]
[BlackElo "1124"]
[WhiteElo "1527"]
[LiveChessVersion "1.4.8"]

1. c4 {[%clk 0:03:04]} Nf6 {[%clk 0:03:03]} 2. Nc3 {[%clk 0:03:04]} g6
{[%clk 0:03:04]} 3. d4 {[%clk 0:03:05]} Bg7 4. e4 d6 {[%clk 0:03:05]} 5. f3
{[%clk 0:03:07]} O-O {[%clk 0:03:04]} 6. Be3 {[%clk 0:03:08]} c6 {[%clk 0:03:00]}
7. Qd2 {[%clk 0:03:07]} Nbd7 {[%clk 0:02:57]} 8. Nge2 {[%clk 0:03:06]} e5
{[%clk 0:02:49]} 9. O-O-O {[%clk 0:03:01]} Qc7 {[%clk 0:02:44]} 10. h4
{[%clk 0:03:02]} Nb6 {[%clk 0:02:32]} 11. g4 {[%clk 0:02:52]} Nxc4
{[%clk 0:02:19]} 12. Qd3 {[%clk 0:02:52]} Nxe3 {[%clk 0:02:20]} 13. Qxe3
{[%clk 0:02:53]} exd4 {[%clk 0:02:11]} 14. Nxd4 {[%clk 0:02:36]} Qe7
{[%clk 0:01:39]} 15. h5 {[%clk 0:02:31]} Nxg4 {[%clk 0:01:00]} 16. fxg4
{[%clk 0:02:23]} Bxg4 {[%clk 0:01:01]} 17. Be2 {[%clk 0:02:13]} Bxe2
{[%clk 0:00:47]} 18. Ndxe2 {[%clk 0:02:13]} h6 {[%clk 0:00:39]} 19. hxg6
{[%clk 0:02:01]} fxg6 {[%clk 0:00:40]} 20. Rdg1 {[%clk 0:01:58]} g5
{[%clk 0:00:39]} 21. Ng3 {[%clk 0:01:39]} Qf6 {[%clk 0:00:30]} 22. Nf5
{[%clk 0:01:39]} Rae8 {[%clk 0:00:23]} 23. Qh3 {[%clk 0:01:29]} Kh7
{[%clk 0:00:20]} 24. Rh2 {[%clk 0:01:20]} Re6 {[%clk 0:00:19]} 25. Rgh1
{[%clk 0:01:19]} Rh8 {[%clk 0:00:06]} 26. Qg4 {[%clk 0:01:20]} Kg6
{[%clk 0:00:05]} 27. Qh5+ {[%clk 0:01:20]} Kh7 {[%clk 0:00:06]} 28. Rg2
{[%clk 0:01:21]} Kg8 29. Qg4 {[%clk 0:01:18]} Kf7 {[%clk 0:00:07]} 30. Rf1
{[%clk 0:01:17]} Ke8 {[%clk 0:00:07]} 31. Nxg7+ {[%clk 0:01:09]} 1-0

[Event "C10"]
[Site "?"]
[Date "2020.08.30"]
[Round "2.2"]
[White "Grobelny, Mikolaj"]
[Black "Wojtacha, Krzysztof"]
[Result "0-1"]
[BlackElo "1445"]
[WhiteElo "1134"]
[LiveChessVersion "1.4.8"]

1. e4 {[%clk 0:03:02]} c5 {[%clk 0:03:03]} 2. Nf3 {[%clk 0:03:03]} e6
{[%clk 0:03:04]} 3. d4 {[%clk 0:03:02]} cxd4 {[%clk 0:03:05]} 4. Nxd4
{[%clk 0:03:04]} Qc7 {[%clk 0:03:06]} 5. c4 {[%clk 0:02:47]} a6 {[%clk 0:03:04]}
6. Nc3 {[%clk 0:02:47]} Nf6 {[%clk 0:03:02]} 7. a3 {[%clk 0:02:23]} b6
{[%clk 0:02:59]} 8. Be3 {[%clk 0:02:18]} Bb7 {[%clk 0:02:52]} 9. f3
{[%clk 0:02:19]} Be7 {[%clk 0:02:41]} 10. Be2 {[%clk 0:02:16]} d6
{[%clk 0:02:39]} 11. O-O {[%clk 0:02:15]} Nbd7 {[%clk 0:02:39]} 12. Qd2
{[%clk 0:02:09]} O-O {[%clk 0:02:37]} 13. Rac1 {[%clk 0:02:07]} Nc5
{[%clk 0:02:31]} 14. b4 {[%clk 0:01:51]} Ncd7 {[%clk 0:02:28]} 15. h3
{[%clk 0:01:37]} Rac8 {[%clk 0:02:26]} 16. Rfd1 {[%clk 0:01:29]} Rfd8
{[%clk 0:02:26]} 17. Qa2 {[%clk 0:01:03]} Ne5 {[%clk 0:02:04]} 18. Na4
{[%clk 0:00:55]} Nfd7 {[%clk 0:01:49]} 19. f4 {[%clk 0:00:49]} Nc6
{[%clk 0:01:45]} 20. Bf3 {[%clk 0:00:48]} Nxd4 {[%clk 0:01:37]} 21. Bxd4
{[%clk 0:00:49]} e5 {[%clk 0:01:33]} 22. fxe5 {[%clk 0:00:47]} dxe5
{[%clk 0:01:32]} 23. Bf2 {[%clk 0:00:47]} b5 {[%clk 0:01:24]} 24. cxb5
{[%clk 0:00:46]} Qxc1 {[%clk 0:01:19]} 25. Rxc1 {[%clk 0:00:44]} Rxc1+
{[%clk 0:01:19]} 26. Kh2 {[%clk 0:00:45]} axb5 {[%clk 0:01:18]} 27. Nb2
{[%clk 0:00:36]} Rdc8 {[%clk 0:01:17]} 28. Qb3 {[%clk 0:00:31]} R8c3
{[%clk 0:01:15]} 29. Qa2 {[%clk 0:00:30]} R3c2 {[%clk 0:01:06]} 30. Bg3
{[%clk 0:00:28]} Rd2 {[%clk 0:00:57]} 31. Qb3 {[%clk 0:00:21]} Rcc2
{[%clk 0:00:53]} 32. Nd3 {[%clk 0:00:20]} Bc6 {[%clk 0:00:32]} 33. Bxe5
{[%clk 0:00:18]} Nxe5 {[%clk 0:00:29]} 34. Nxe5 {[%clk 0:00:19]} Be8
{[%clk 0:00:27]} 35. Bg4 {[%clk 0:00:14]} Bd6 {[%clk 0:00:25]} 36. Qg3
{[%clk 0:00:11]} Rxg2+ {[%clk 0:00:23]} 37. Qxg2 {[%clk 0:00:12]} Rxg2+
{[%clk 0:00:24]} 38. Kxg2 {[%clk 0:00:13]} Bxe5 {[%clk 0:00:25]} 0-1

[Event "C10"]
[Site "?"]
[Date "2020.08.30"]
[Round "2.4"]
[White "Oglaza, Dawid"]
[Black "Majcher, Igor"]
[Result "0-1"]
[BlackElo "1365"]
[WhiteElo "1126"]
[LiveChessVersion "1.4.8"]

1. e4 c5 2. Nf3 d6 3. d4 cxd4 4. Nxd4 Nf6 5. Nc3 a6 6. Bg5 Nbd7 7. Be2 e6 8. O-O
Qc7 9. f4 h6 10. Bh4 Qc5 11. Kh1 e5 12. fxe5 dxe5 13. Nf5 g6 14. Bxf6 Nxf6 15.
Ng3 Bg7 16. Qd2 O-O 17. Rad1 Be6 18. Bd3 Rad8 19. Qe2 Bg4 20. Qd2 Bxd1 21. Rxd1
Ng4 22. Rf1 Qe3 23. Qxe3 Nxe3 24. Re1 Ng4 25. Kg1 h5 26. h3 Nf6 27. Nge2 Nd7 28.
Nc1 Nc5 29. Rd1 Nxd3 30. Nxd3 f6 31. Rb1 f5 32. Nd5 fxe4 33. N3b4 a5 34. Ne7+ Kf7
35. Nbd5 Bf6 36. Rf1 Ke6 37. Nxg6 Rf7 38. Ne3 Bg5 39. Nc4 Rxf1+ 40. Kxf1 Kf6 41.
Ncxe5 Rd5 42. h4 Bh6 43. Ke2 Rxe5 44. Nxe5 Kxe5 45. c3 Bf8 46. b3 Be7 47. g3 b5
48. Ke3 a4 49. b4 Bd6 50. Kf2 Kd5 51. Kg2 Kc4 52. Kf2 Kxc3 53. Ke3 Kxb4 54. Kxe4
Bxg3 55. Kf3 Bxh4 56. Kf4 Ka3 57. Kf3 Kxa2 58. Kg2 b4 59. Kh3 b3 60. Kg2 b2 61.
Kh2 b1=Q 62. Kg2 Qc2+ 63. Kh3 Qd3+ 64. Kg2 Qe2+ 65. Kh3 Bg3 66. Kxg3 Qg4+ 67. Kf2
h4 68. Ke1 h3 69. Kf2 h2 70. Ke3 h1=R 71. Kf2 Qh4+ 72. Ke3 Qg3+ 73. Kd4 Qg2 74.
Ke5 Rf1 75. Kd4 Qc2 76. Ke3 Rd1 77. Kf3 Qd2 78. Kg4 Qe2+ 79. Kf4 Rf1+ 80. Kg5
Qg2+ 81. Kh4 Rh1# 0-1